000 00319nam a2200121Ia 4500
005 20251222144727.0
008 251222s9999||||xx |||||||||||||| ||spa||
020 _a84-481-2062-0
082 _a005.133/V73/Ej.2
245 0 _aMicrosoft Visual Basic 6.0: Manual del programador
264 _bMicrosoft Press
942 _cLIB
999 _c18442
_d18442